Statistics for False Friends - German/English

Click here to take the quiz!

General Stats

  • This quiz has been taken 40 times
  • The average score is 18 of 30

Answer Stats

GermanEnglish% Correct
KindChild
92%
SteinRock
92%
TierAnimal
89%
SpielGame
89%
TagDay
86%
baldsoon
81%
HandyCell phone
78%
SpringJump!
75%
GiftPoison
75%
SternStar
75%
WandWall
75%
SeeLake
72%
BriefLetter
72%
ChefBoss
69%
BootBoat
67%
RatAdvice
61%
RockSkirt
61%
GenieGenius
53%
TollGreat
53%
ArtKind
53%
SchmuckJewelry
47%
TasteButton
44%
BillionTrillion
44%
GangWalk
42%
MistDung
33%
FadBland
22%
LastBurden
19%
NotHardship
17%
Blankshiny
11%
SenseScythe
8%

Score Distribution

Percentile by Number Answered

Percent of People with Each Score

Your Score History

You have not taken this quiz